00377nam a2200121Ia 4500008004100000245007500041260002400116260000900140300000700149650002300156650001200179856006400191170516s9999 xx 000 0 und d 2aA Place to Call Home: Bioengineering Pluripotential Stem Cell Cultures bAIMS Bioengineering c2015 a:2 xMedical Technology xMedtech uhttp://www.aimspress.com/journal/Bioengineering/2015/2.html